| 000 | 00611nam a22001217a 4500 | ||
|---|---|---|---|
| 040 | _cRUA | ||
| 100 | _aMET THAN. ម៉េត ថាន | ||
| 245 | _aDEVELOPMENT AND TESTING OF ONE-ROW VEGETABLE TRANSPLANTER ATTACHABLE TO A POWER TILLER. ការអភិវឌ្ឍនិងធ្វើតេស្តសមត្ថភាពឧបករណ៍ស្ទួងបន្លែបំពាក់ជាមួយគោយន្ត | ||
| 260 |
_aPhnom Penh _bRUA _c2021 |
||
| 300 |
_aIX.39P _bVII. _c29CM |
||
| 856 | _uhttps://drive.google.com/file/d/1c53Pg7iQUx9dV_XSIWMct5hQ1LCxyWC3/view?usp=sharing | ||
| 942 | _cAGE | ||
| 999 |
_c21920 _d21920 |
||